Fahrenheit 451 /
Guardado en:
| Autor Principal: | |
|---|---|
| Otros Autores: | |
| Formato: | Libro |
| Publicado: |
Buenos Aires :
Plaza & Janes,
2004
|
| Edición: | 3a. ed. |
| Series: | Colección Ave Fénix; No. 1821
|
| Materias: | |
| Etiquetas: |
Agregar Etiqueta
Sin Etiquetas, Sea el primero en etiquetar este registro!
|
| LEADER | 00842nam a22002535a 4500 | ||
|---|---|---|---|
| 001 | CEM.cems011621 | ||
| 008 | 130507s2004##################000#0#####d | ||
| 005 | 20241204101911.0 | ||
| 245 | 1 | 0 | |a Fahrenheit 451 / |c Ray Bradbury ; traducción de Alfredo Crespo |
| 250 | |a 3a. ed. | ||
| 260 | |a Buenos Aires : |b Plaza & Janes, |c 2004 | ||
| 300 | |a 176 p. | ||
| 490 | 0 | |a Colección Ave Fénix; No. 1821 | |
| 020 | |a 9506440298 | ||
| 100 | 1 | |a Bradbury, Ray | |
| 700 | 1 | |a Crespo, Alfredo, trad. | |
| 082 | 0 | 4 | |a 818.5 |
| 653 | |a Literatura | ||
| 653 | |a Novela de ciencia ficción | ||
| 653 | |a Novela e.e.u.u. | ||
| 653 | |a Novela | ||
| 859 | |a CEMS |b BIB. CEMS - 11 de abril |h 818.5 |i B726-4a3 |p 23238.05 |t Ej.2 | ||
| 859 | |a CEMS |b BIB. CEMS - 11 de abril |h 818.5 |i B726-4a3 |p 25060.08 |t Ej.3 | ||
| 859 | |a CEMS |b BIB. CEMS - 11 de abril |h 818.5 |i B726-4a3 |p 26195.11 |t Ej.4 | ||
